Malaysian Institute of Pharmaceuticals and Nutraceuticals : foundation of excellence.
| Format: | Book |
|---|---|
| Published: |
Pulau Pinang:
Malaysian Institute of Pharmaceuticals and Nutraceuticals,
2012.
|
| Subjects: |
| LEADER | 00524cam a2200145 7i4500 | ||
|---|---|---|---|
| 001 | 0000027835 | ||
| 005 | 20120608090000.0 | ||
| 090 | 0 | 0 | |a P 615.1 |b MAL |
| 245 | 0 | 0 | |a Malaysian Institute of Pharmaceuticals and Nutraceuticals : |b foundation of excellence. |
| 260 | 0 | 0 | |a Pulau Pinang: |b Malaysian Institute of Pharmaceuticals and Nutraceuticals, |c 2012. |
| 300 | # | # | |a 78 p. |
| 650 | 0 | 0 | |a Pharmaceuticals -- |z Malaysia |
| 650 | 0 | 0 | |a Nutraceuticals -- |z Malaysia |
| 651 | 0 | 0 | |a Malaysia |
| 999 | |a 0000030287 |b Book |c Products |e Business Information Centre | ||